000 00642nam a2200229Ia 4500
003 OSt
005 20220925215430.0
006 a|||||r|||| 00| 0
007 ta
008 220923b |||||||| |||| 00| 0 eng d
037 _cGeneral Book
040 _aRTL
_cRTL
_beng
041 _2eng
_aeng
082 _aU.41.N7, M0
100 _aTregear T R
_993301
245 0 _aChina
_b A geographical survey
260 _aLondon
_bHodder and Stoughton
_c1980
300 _a372p
_ccm.
500 _aBibliography chapterwise; Appendix: p 353-355
942 _hU.41.N7, M0
_cGB
_2CC
999 _c568803
_d568803